|
|
|
|
| LEADER |
00000naa2a2200000 4500 |
| 001 |
410357 |
| 005 |
20231101071321.0 |
| 035 |
|
|
|a (RuTPU)RU\TPU\prd\64273
|
| 035 |
|
|
|a RU\TPU\prd\64272
|
| 090 |
|
|
|a 410357
|
| 100 |
|
|
|a 20090319a1971 k y0rusy50 ca
|
| 101 |
0 |
|
|a rus
|
| 102 |
|
|
|a RU
|
| 200 |
1 |
|
|a Диоптаз из Енисейского кряжа
|f Е. С. Некрасова, А. М. Кузьмин
|
| 461 |
|
1 |
|0 (RuTPU)RU\TPU\prd\1420
|x 0016-7886
|t Геология и геофизика
|o научный журнал
|f Российская академия наук (РАН), Сибирское отделение (СО)
|d 1960-
|
| 463 |
|
1 |
|0 (RuTPU)RU\TPU\prd\63380
|t № 10
|v С. 119-121
|d 1971
|
| 610 |
1 |
|
|a труды учёных ТПУ
|
| 700 |
|
1 |
|a Некрасова
|b Е. С.
|
| 701 |
|
1 |
|a Кузьмин
|b А. М.
|c российский геолог
|c профессор Томского политехнического института
|f 1891-1980
|g Алексей Михайлович
|2 stltpush
|3 (RuTPU)RU\TPU\pers\13901
|
| 801 |
|
1 |
|a RU
|b 63413507
|c 20081203
|g PSBO
|
| 801 |
|
2 |
|a RU
|b 63413507
|c 20111206
|g PSBO
|
| 942 |
|
|
|c BK
|